Afecciones del aparato circulatorio y de las vías respiratorias / (Record no. 33733)

MARC details
000 -LEADER
campo de control de longitud fija 00973nam a2200241 i 4500
001 - NÚMERO DE CONTROL
campo de control 33733
003 - IDENTIFICADOR DE NÚMERO DE CONTROL
campo de control ES-MaACL
005 - FECHA Y HORA DE LA ÚLTIMA TRANSACCIÓN
campo de control 20230906154818.0
007 - CAMPO FIJO DE DESCRIPCIÓN FÍSICA--INFORMACIÓN GENERAL
campo de control de longitud fija t|
008 - DATOS DE LONGITUD FIJA--INFORMACIÓN GENERAL
campo de control de longitud fija 030203s1911 sp ||||1| spa d
100 1# - ENTRADA PRINCIPAL--NOMBRE DE PERSONA
Nombre de persona Ortner, Norbert.
9 (RLIN) 87662
245 10 - MENCIÓN DEL TÍTULO
Título Afecciones del aparato circulatorio y de las vías respiratorias /
Mención de responsabilidad, etc. por los profesores N. Ortner y Oscar Bruns ; versión española directa del alemán por Laureano Lotero Fernández.
260 ## - PUBLICACIÓN, DISTRIBUCIÓN, ETC.
Lugar de publicación, distribución, etc. Madrid :
Nombre del editor, distribuidor, etc. Saturnino Calleja Fernández,
Fecha de publicación, distribución, etc. 1911.
300 ## - DESCRIPCIÓN FÍSICA
Extensión 69 p. ;
Dimensiones 24 cm.
490 1# - MENCIÓN DE SERIE
Mención de serie Anuario de ciencias médicas. Segunda serie ;
Designación de volumen o secuencia 2
650 04 - PUNTO DE ACCESO ADICIONAL DE MATERIA--TÉRMINO DE MATERIA
Término de materia o nombre geográfico como elemento de entrada Aparato circulatorio-
Subdivisión general Enfermedades.
9 (RLIN) 9905
650 #4 - PUNTO DE ACCESO ADICIONAL DE MATERIA--TÉRMINO DE MATERIA
Término de materia o nombre geográfico como elemento de entrada Aparato respiratorio-
Subdivisión general Enfermedades.
9 (RLIN) 135585
700 0# - ENTRADA AGREGADA--NOMBRE PERSONAL
Nombre de persona Bruns, Oscar.
9 (RLIN) 32206
700 1# - ENTRADA AGREGADA--NOMBRE PERSONAL
Nombre de persona Lotero Fernández, Laureano.
9 (RLIN) 162402
830 0# - PUNTO DE ACCESO ADICIONAL DE SERIE-TÍTULO UNIFORME
Título uniforme Anuario de ciencias médicas. Segunda serie ;
Designación de volumen o secuencia 2
9 (RLIN) 180969
852 ## - LOCALIZACIÓN
Ubicación ES-MaACL
Número de control de estantería B-11065(2)
Nota libre .- Enc. con otras obras
Holdings
Estatus retirado Estado de pérdida Estado de daño No para préstamo Biblioteca de origen Biblioteca actual Ubicación en estantería Fecha de adquisición Fuente de adquisición Total de préstamos Signatura topográfica completa Código de barras Visto por última vez Precio de reemplazo Tipo de ítem Koha
        Biblioteca del Ateneo de Madrid Biblioteca del Ateneo de Madrid Sala Pardo Bazán 28/04/2017     B-11065(2) 1197490 23/02/2023 23/02/2023 Libro impreso